000 00581nam a2200181Ia 4500
005 20260302161943.0
008 260302s9999 xx 000 0 und d
020 _a9781853833199
082 _a339.5
_bCLA
100 _aClayton, Anthony M. H.
245 0 _aSustainability /
_cClayton, Anthony M. H.; Radcliffe, Nicholas J.
260 _bEarthscan,
_c1996
300 _a276 pages
520 _aFirst Published in 1996. Routledge is an imprint of Taylor & Francis, an informa company.
650 _aBusiness & Economics
700 _aRadcliffe, Nicholas J.
942 _cENGLISH
999 _c616714
_d616714